000 00438nam a22001817a 4500
003 NUST - PNEC
005 20170116180906.0
008 150902b xxu||||| |||| 00| 0 eng d
020 _a0273021354
040 _cLIBRARY
082 _a620.106 DOU
100 _96694
_aDouglas John F.
245 _aFluid mechanics
_cJohn F. Douglas
250 _a2nd ed.
260 _cc.1985
650 _96696
_aFluid mechanics
_xME
942 _2ddc
_cBK
999 _c65114
_d65114